000 00680cam a2200217 a 4500
020 _a9781597180900
020 _a1597180904
040 _cSSL
082 _a519 STA 2011 A084 Or.
245 0 0 _aStata multivariate statistics reference manual :
_brelease 12.
246 3 0 _aMultivariate statistics reference manual
246 1 4 _aStata release 12 :
_bmultivariate statistics
246 1 8 _aStata 12 :
_bmultivariate statistics
260 _aCollege Station, Tex. :
_bStataCorp LP,
_cc2011.
300 _aiii, 687 p. :
_bill. ;
_c24 cm.
500 _a"A Stata Press publication."
650 0 _aStatistics
650 0 _aCluster analysis
710 2 _aStataCorp LP.
942 _cEK
999 _c16580
_d16580